|
|
|
|
| LEADER |
00000nab a2200000 a 4500 |
| 001 |
vtls000474722 |
| 003 |
SK-MaSNL |
| 005 |
20260303004209.0 |
| 008 |
120926c1993 xo 0 slo |
| 015 |
|
|
|a SNBRB19rr/mm-uuuuu
|
| 035 |
|
|
|a CL0474856
|
| 040 |
|
|
|a SNKBUCL
|b slo
|c SNKBUCL
|e AACR2
|
| 041 |
0 |
|
|a slo
|
| 044 |
|
|
|a xo
|c SK
|
| 080 |
|
|
|a 343.97(437.6)
|2 1981
|
| 100 |
1 |
|
|a Krajčo, František
|4 aut
|9 982916
|
| 245 |
1 |
0 |
|a Ovládne zločin spoločnosť?
|b Rozhovor s policajným prezidentom SR Františkom Krajčom
|c František Krajčo, Alžbeta Šimonovičová
|
| 650 |
0 |
7 |
|a kriminalita
|2 snkbucl
|9 2180
|
| 655 |
|
7 |
|a články z novín a časopisov
|2 snkbucl
|9 267496
|
| 700 |
1 |
|
|a Šimonovičová, Alžbeta,
|d 1949-
|4 aut
|9 5442
|
| 773 |
0 |
|
|t Nové slovo bez rešpektu
|g Roč. 3, č. 5 (1993), s. 12-13
|
| 850 |
|
|
|a Slovenská národná knižnica v Martine
|a MTA001
|
| 852 |
|
|
|a SNK
|b KIS3GCP
|
| 958 |
|
|
|a RK
|
| 992 |
|
|
|a RBX
|
| 999 |
|
|
|c 1576521
|d 1578451
|